| 000 | 01568pab a2200193 454500 | ||
|---|---|---|---|
| 008 | 180718b2000 xxu||||| |||| 00| 0 eng d | ||
| 100 | _aKhan, Zakir Ahmed | ||
| 245 | _aExperience of a financial reforms project in Bangladesh | ||
| 260 | _c2000 | ||
| 300 | _ap.33-42 | ||
| 362 | _aFeb | ||
| 520 | _aThis article reviews the efforts of the Government of Bangladesh aimed at reforming the public sector financial management system as part of overall public administration reforms through a technical assistance project jointly sponsored by the government and the Department for International Development, Government of the UK. It has evolved through initial setbacks into a highly successful project delivering tangible outputs over the last three years, with prospects for future extension until reforms are internalized and become self-sustaining. Attempts have been made in this article to analyse and evaluate the underlying reasons for the problems in the first year of implementation as well as the factors that contributed to the recovery of the image of the project and its continuing successes in successive phases. The article highlights the lessons learned from the project in its bad as well as good times and suggests that this experience can be of great value to those undergoing the same type of reform experiment. - Reproduced | ||
| 650 | _aFinancial administration - Bangladesh | ||
| 650 | _aFinancial administration | ||
| 700 | _aFrazer, Mike | ||
| 700 | _aThornton, Nigel | ||
| 773 | _aPublic Administration and Development | ||
| 909 | _a45214 | ||
| 999 |
_c45214 _d45214 |
||